| 000 | 00504nam a2200133 a 4500 | ||
|---|---|---|---|
| 008 | 120416s1968 ||||||||||||||||| || u | ||
| 050 | _aHM 51 Tru | ||
| 100 | _aTruzzi, Marcello | ||
| 245 | 1 | 0 |
_aSociology and everyday life _cedited by Marcello Truzzi |
| 260 |
_aEnglewood Cliffs _bFT Prentice-Hall _c1968 |
||
| 300 | _aix, 371p. : ill | ||
| 350 | _a0.00 | ||
| 995 |
_D0.00 _FCBU-MAIN LIBRARY (Kitwe) _H1 _I0.00 _UAVAILABLE _ZAnnex Low-Usage Collection |
||
| 999 |
_c57809 _d57809 |
||